[Event "4th Shamkir Chess 2017"]
[Site "Shamkir"]
[Date "2017.04.24"]
[Round "4"]
[White "Topalov, Veselin"]
[Black "So, Wesley"]
[Result "1/2-1/2"]
[WhiteElo "2741"]
[BlackElo "2822"]
[Annotator "TA"]
[PlyCount "128"]
[EventDate "2017.??.??"]
[EventType "tourn"]
[EventCountry "AZE"]
[SourceTitle "playchess.com"]
[Source "ChessBase"]
[SourceQuality "1"]

{[%evp 24,128,20,15,27,6,11,7,8,6,10,0,0,0,0,0,0,0,0,0,0,0,0,0,0,0,0,0,0,0,0,0,0,0,0,0,0,0,0,0,0,0,0,0,0,0,0,0,0,0,0,0,0,0,0,0,0,0,0,-82,-82,-82,-82,-82,-82,-82,-82,-82,-82,-82,-82,-82,-82,-82,-82,-82,-82,-82,-82,-82,-82,-82,-82,-82,-82,-82,-82,-82,-82,-82,-82,-82,-82,-82,-82,-82,-82,-82,-82,-82,-82,-82,0,-82,0,-82,0]} 1. e4 e5 2. Nf3 Nc6 3. Bb5 Nf6 4. O-O Nxe4 5. Re1 Nd6 6. Nxe5 Be7 7. Bf1 Nxe5 8. Rxe5 O-O 9. d4 Bf6 10. Re1 Re8 {C67: Ruy Lopez: Berlin Defence: 4 0-0 Nxe4} 11. c3 Rxe1 12. Qxe1 Ne8 13. Bf4 {LiveBook: 40 Games} d5 14. Bd3 g6 15. Nd2 {[#]} c6 $146 (15... Ng7 16. Nf3 Bf5 17. Bxf5 Nxf5 18. Qe2 {½-½ (54) Dominguez Perez,L (2713)-Kramnik,V (2812) Dortmund 2016}) 16. Nf3 Ng7 17. Qe2 (17. Bh6 $5 {with more complications.} Qc7 18. h3 Bd7 19. Qd2 Re8 20. Re1) 17... Bf5 18. Bxf5 Nxf5 19. Re1 Ng7 20. Ne5 Bxe5 21. Qxe5 f6 22. Qe7 Qxe7 23. Rxe7 Re8 24. Rxe8+ Nxe8 $11 {[%mdl 4096] Endgame KB-KN} 25. Kf1 Kf7 26. Ke2 h5 27. a4 g5 28. Bb8 a6 29. h3 Ng7 30. a5 Kg6 31. g4 f5 32. f3 Ne6 33. b4 Nd8 34. Bc7 Nf7 35. Kf2 hxg4 36. hxg4 Kf6 37. Kg3 Ke6 38. Bb8 Nh6 39. Kh3 fxg4+ 40. fxg4 Ng8 41. Ba7 (41. Be5 $11) 41... Nf6 $17 42. Bc5 Ne4 43. Kg2 Nxc3 44. Kf3 Ne4 45. Kg2 Nf6 ({But not} 45... Nxc5 $6 46. bxc5 Kf6 47. Kf3 $11) 46. Kf3 Kd7 47. Kg3 Kc7 48. Kf3 Ne4 49. Bb6+ Kd7 50. Bc5 Nd6 51. Ke3 Kc7 52. Bb6+ Kc8 53. Bc5 Nc4+ 54. Ke2 Kd7 55. Kd3 Ke6 56. Ke2 Kf6 57. Kf3 Nd2+ 58. Ke2 Ne4 59. Ke3 Kg6 60. Ke2 Nf6 ({Reject} 60... Nxc5 $6 61. bxc5 Kg7 62. Ke3 $11) 61. Kf3 Kf7 62. Kg3 Ke6 63. Kf3 Kf7 64. Kg3 $1 Ke6 (64... Ke8 $17) 1/2-1/2

[Event "4th Shamkir Chess 2017"]
[Site "Shamkir"]
[Date "2017.04.25"]
[Round "5"]
[White "So, Wesley"]
[Black "Kramnik, Vladimir"]
[Result "1-0"]
[WhiteElo "2822"]
[BlackElo "2811"]
[Annotator "TA"]
[PlyCount "129"]
[EventDate "2017.??.??"]
[EventType "tourn"]
[EventCountry "AZE"]
[SourceTitle "playchess.com"]
[Source "ChessBase"]
[SourceQuality "1"]

{[%evp 20,129,16,18,24,8,16,11,11,12,3,14,13,10,37,37,29,29,28,16,24,16,21,18,15,19,17,10,8,9,55,12,41,21,72,79,100,100,84,90,94,87,112,122,154,148,177,184,207,188,189,193,185,191,183,181,245,236,313,134,143,111,111,111,143,145,138,127,150,149,220,220,195,204,224,216,278,271,280,222,278,273,317,317,304,316,295,225,397,338,479,514,511,504,452,426,560,553,994,1044,991,895,2459,1983,4137,4133,4129,4120,29981,29982,29987,29988]} 1. c4 e6 2. g3 d5 3. Bg2 Nf6 4. Nf3 Be7 5. O-O O-O 6. d4 dxc4 7. Qc2 a6 8. a4 Bd7 9. Qxc4 Bc6 10. Bf4 a5 {E05: Open Catalan: 5 Nf3 Be7} (10... Bd6 11. Qc1 a5 12. Nc3 Na6 13. Bd2 Nb4 14. Qb1 Bxf3 15. Bxf3 c6 16. Rd1 Qe7 17. Ne4 Nxe4 18. Qxe4 {1-0 (44) Ding,L (2760)-Aronian,L (2785) Sharjah 2017}) 11. Nc3 {LiveBook: 216 Games} Nbd7 12. Qd3 Bb4 {The position is equal.} 13. Rfe1 Re8 14. Qc2 Bxf3 15. Bxf3 c6 16. Red1 $146 (16. Rad1 Qe7 17. Bg2 Rad8 18. h3 h6 19. Bc1 e5 20. dxe5 Nxe5 21. e4 Rxd1 22. Rxd1 Rd8 23. Kh2 Rxd1 24. Qxd1 Qd7 {½-½ (24) King,D (2505)-Ryan,J (2300) Dublin 1992}) 16... Qe7 17. Na2 Bd6 18. Bxd6 Qxd6 19. Nc1 Nd5 20. e4 Nb4 21. Qc3 e5 22. Nb3 Qe7 23. Bg2 exd4 24. Rxd4 Nf8 25. Rad1 Red8 26. R1d2 Ne6 (26... b6 $11) 27. Rxd8+ $16 Rxd8 28. Nxa5 Ra8 29. Nc4 Rxa4 30. Nd6 Ra1+ 31. Bf1 Na6 32. Kg2 Nac7 33. Nf5 $36 {[%mdl 2048] Black is under strong pressure.} Qe8 34. Bc4 Ra8 35. Rd6 {Threatens to win with Bxe6.} Qf8 36. Rd7 Re8 37. Qe5 b5 (37... g6 $142) 38. Ba2 $18 ({Weaker is} 38. Rxc7 Nxc7 39. Qxc7 bxc4 40. Qxc6 Rb8 $15) 38... g6 {[#]} 39. Ne3 ({Stronger than} 39. Rxc7 Nxc7 40. Nh6+ (40. Qxc7 gxf5 41. Qxc6 Qe7 42. Qxb5 Qxe4+ 43. Kh3 Kg7 $17) 40... Qxh6 $15) (39. Rxf7 $1 $18 {[%mdl 512] and the rest is easy.} Kxf7 (39... Qxf7 40. Nh6+) 40. Qxc7+ Kf6 41. Qxc6 gxf5 42. exf5) 39... Re7 40. Rxe7 Qxe7 41. Ng4 {Threatening mate with Nh6+.} Qg5 42. Nf6+ Kh8 {[#]} 43. Nd7+ $1 Qxe5 44. Nxe5 $16 {[%mdl 4096] Endgame KBN-KNN} Nd4 (44... Kg7 $16) 45. Bxf7 $18 ({Resist} 45. Nxf7+ $6 Kg7 46. f4 Nde6) 45... c5 46. f4 c4 47. Kf2 Kg7 48. Ke3 Nb3 49. g4 Nc5 50. h4 Na4 51. b3 cxb3 52. Bxb3 Nc5 53. Bd1 h6 $2 (53... b4 54. Nd3 Nxd3) 54. Nc6 N7a6 (54... Nd7 {was necessary.} 55. g5 hxg5 56. hxg5 Kf8) 55. Kd4 Ne6+ 56. Ke5 Nec5 57. Bc2 b4 58. Nd4 g5 59. hxg5 hxg5 60. f5 {[%cal Bf4f5,Bf5f6][%mdl 32]} Nd7+ 61. Kd6 Nf6 62. e5 Nxg4 63. Ne6+ Kh6 64. f6 Nb8 65. Ba4 1-0

[Event "4th Shamkir Chess 2017"]
[Site "Shamkir"]
[Date "2017.04.25"]
[Round "5"]
[White "Karjakin, Sergey"]
[Black "Topalov, Veselin"]
[Result "1-0"]
[WhiteElo "2783"]
[BlackElo "2741"]
[Annotator "TA"]
[PlyCount "59"]
[EventDate "2017.??.??"]
[EventType "tourn"]
[EventCountry "AZE"]
[SourceTitle "playchess.com"]
[Source "ChessBase"]
[SourceQuality "1"]

{[%evp 7,59,10,16,10,10,9,7,5,10,1,25,17,20,20,29,19,58,62,63,50,85,66,95,65,60,48,77,65,104,96,142,143,241,255,269,279,1019,984,29952,12849,5443,5269,2019,1274,1116,989,1513,1647,29992,1405,1348,1347,1281,1117]} 1. e4 c6 2. d4 d5 3. e5 c5 4. dxc5 e6 5. a3 {B12: Caro-Kann: Advance Variation} (5. Qg4 Nc6 6. Nf3 Nge7 7. Bb5 Ng6 8. Be3 Bd7 9. Bxc6 bxc6 10. c3 Qb8 11. Qb4 Qc7 12. Qd4 Ne7 13. Qd3 {½-½ (42) Vachier Lagrave,M (2796)-Fontaine,R (2549) chess.com INT 2017}) 5... Bxc5 6. Nf3 Ne7 7. Bd3 {The position is equal.} Ng6 8. O-O Nc6 9. b4 Bb6 10. Bb2 (10. Bg5 Qc7 $15) 10... Nf4 11. c4 Nxd3 12. Qxd3 dxc4 13. Qxc4 {[#]} Ne7 $146 14. Nc3 Bd7 15. Qg4 Bc6 16. Rad1 (16. Qxg7 Rg8 17. Qf6 Nf5 18. Qxd8+ Rxd8 $17) 16... Qc7 17. Ng5 (17. Qxg7 $6 Rg8 18. Qf6 Nf5 $11) 17... Qxe5 {[#]} 18. b5 $1 {[%mdl 512]} h5 {[#]} (18... Bxb5 19. Nxb5) 19. Qh4 $1 $40 {[%mdl 128] aiming for Nce4. White wants a kill.} ({Inferior is} 19. Qh3 Qxg5 20. bxc6 bxc6 $11) 19... Bxb5 {[#]} (19... Ng6 $16 20. Qg3 Bd7) 20. Rfe1 $1 $18 {[%cal Re1e5]} Qf5 21. Nxb5 ({Less strong is} 21. Nge4 Kf8 $16) 21... Qxb5 $2 (21... O-O 22. Nd6 (22. Qxh5 $2 Bxf2+ 23. Kh1 Bxe1 24. Rxe1 f6 $19) 22... Bxf2+ 23. Qxf2 Qxg5) 22. Bxg7 {Hoping for Ne4.} Nf5 23. Nxe6 fxe6 24. Rxe6+ Kf7 25. Qf6+ Kg8 26. Bxh8 {Threatening mate with Re7!} Bxf2+ 27. Kh1 {Intending Re7! and mate.} Qa4 28. Red6 (28. Rd8+ $142 Rxd8 29. Qxd8+ Kh7 30. Be5 Ng3+ 31. hxg3 Qd1+ 32. Qxd1 Bc5 33. Qxh5+ Kg8 34. Qh8+ Kf7 35. Qe8#) 28... Rf8 29. Qg6+ Kxh8 30. Rd7 1-0

[Event "4th Shamkir Chess 2017"]
[Site "Shamkir"]
[Date "2017.04.25"]
[Round "5"]
[White "Harikrishna, Pentala"]
[Black "Mamedyarov, Shakhriyar"]
[Result "1/2-1/2"]
[WhiteElo "2755"]
[BlackElo "2772"]
[Annotator "TA"]
[PlyCount "101"]
[EventDate "2017.??.??"]
[EventType "tourn"]
[EventCountry "AZE"]
[SourceTitle "playchess.com"]
[Source "ChessBase"]
[SourceQuality "1"]

{[%evp 11,101,7,15,0,30,6,26,2,-2,0,0,-21,-17,-27,-14,-14,-12,-109,-38,-52,-52,-77,-69,-60,-68,-105,0,0,0,-100,-56,-55,-72,-72,-32,-40,0,-25,-7,-23,-23,-23,-24,-47,-47,-41,-44,-48,-42,-43,-43,-56,-56,-56,-55,-62,-42,-42,-38,-42,-20,-31,-31,-31,-31,-31,-30,-37,-20,-24,-20,-20,-12,-20,0,-20,-8,-12,-9,-10,8,8,8,8,14,14,14,14,14,14,14,14]} 1. Nf3 Nf6 2. g3 d5 3. Bg2 g6 4. O-O Bg7 5. d4 O-O 6. Nbd2 a5 7. c4 {D02: 1 d4 d5 2 Nf3 sidelines, including 2...Nf6 3 g3 and 2...Nf6 3 Bf4} a4 8. cxd5 Qxd5 $146 (8... Nxd5 9. Nc4 Nd7 10. e4 N7b6 11. Nxb6 Nxb6 12. Bf4 Bg4 13. Rc1 c6 14. Be3 Be6 {½-½ (56) Giorgadze,G (2584)-Fedoseev,V (2670) Liepaja 2016}) 9. Nb1 {White has an edge.} Rd8 {[%cal Bf8d8,Bd8d4,Bd4c4][%mdl 32]} 10. Bf4 Qa5 11. Qc1 Nc6 12. Na3 Nxd4 13. Nxd4 Rxd4 14. Qxc7 (14. Bxc7 $11 {remains equal.} Qh5 15. e3) 14... Nd5 (14... Qxc7 $17 15. Bxc7 Ne8) 15. Qxa5 $1 $15 Rxa5 16. Bc1 Be6 17. Nc2 Rc4 18. Na3 Rd4 19. Nc2 $1 {[%cal Rc2d4]} Rc4 20. Na3 $1 {[%cal Ra3c4]} Rc8 21. Bd2 Ra6 22. e4 Nb6 23. e5 Nd5 ({Much weaker is} 23... Bxe5 $6 24. Bxb7 Raa8 25. Bxa8 Nxa8 26. Bc3 Bxc3 27. bxc3 $16) 24. f4 Rb6 25. Rac1 Rxc1 ({Much worse is} 25... Rxb2 26. Rxc8+ Bxc8 27. Bc1 Rxg2+ 28. Kxg2 $11) 26. Bxc1 f6 27. Rd1 Nc7 28. Rd4 fxe5 29. Rxa4 Rd6 30. Bf3 Bxa2 31. fxe5 Bxe5 32. Nc4 Ra6 33. Rb4 Bxc4 34. Rxc4 b5 35. Rc2 Kg7 36. Kg2 Ne6 37. Rc6 Rxc6 38. Bxc6 {[%mdl 4096] Endgame KBB-KBN} Nd4 39. Bd7 Kf6 40. b4 e6 41. Be3 {The position is equal.} Nc2 42. Bd2 Nd4 43. Be3 Nf5 44. Bb6 Bc3 45. g4 Nh4+ 46. Kg3 g5 47. Bd8+ Kg6 48. Be7 Be1+ 49. Kh3 Kf7 50. Bxg5 Ng6 51. Bxb5 1/2-1/2

[Event "4th Shamkir Chess 2017"]
[Site "Shamkir"]
[Date "2017.04.25"]
[Round "5"]
[White "Eljanov, Pavel"]
[Black "Wojtaszek, Radoslaw"]
[Result "1/2-1/2"]
[WhiteElo "2751"]
[BlackElo "2745"]
[Annotator "TA"]
[PlyCount "89"]
[EventDate "2017.??.??"]
[EventType "tourn"]
[EventCountry "AZE"]
[SourceTitle "playchess.com"]
[Source "ChessBase"]
[SourceQuality "1"]

{[%evp 28,89,12,4,0,0,8,0,0,0,0,-4,-4,-20,-20,-19,-17,-19,-17,-29,-29,-29,-37,-27,-33,-25,-4,-16,-8,-6,-8,-21,0,-5,0,0,0,0,0,-20,0,-55,-59,-65,-64,-65,-60,-65,0,-21,-22,-57,-33,-33,-33,-33,-33,-55,-31,-49,0,-43,0,-61]} 1. Nf3 d5 2. g3 c5 3. Bg2 Nc6 4. d4 Nf6 5. O-O e6 6. c4 dxc4 7. dxc5 Qxd1 8. Rxd1 Bxc5 9. Nbd2 c3 10. bxc3 O-O 11. Nb3 Be7 12. Nfd4 Bd7 13. Nxc6 {E04: Open Catalan: 5 Nf3} Bxc6 14. Bxc6 bxc6 15. c4 {LiveBook: 20 Games} Rfb8 {[#]} 16. f3 $146 (16. Be3 Ng4 17. Bd2 Bb4 18. Rac1 a5 19. h3 Nf6 20. Nd4 Ne4 21. Be3 {½-½ (21) Roiz,M (2668)-Naiditsch,A (2707) Germany 2012}) 16... Kf8 17. Bd2 Ke8 18. Bc3 g6 19. Kf2 Nd7 20. Ba5 Rb7 21. Rac1 Nc5 22. Nd4 $1 Rc8 23. Rb1 e5 24. Rxb7 Nxb7 25. Nb3 Nxa5 26. Nxa5 $11 {[%mdl 4096] Endgame KRB-KRN} Bc5+ 27. Kf1 Bb4 28. Nb3 Ke7 29. e4 f5 30. Ke2 fxe4 31. fxe4 Rb8 32. Rb1 {[#]} Bc5 $1 {[%mdl 512]} 33. Rd1 (33. Nxc5 Rxb1) 33... Bb4 34. Rc1 (34. Rb1 $11) 34... Rb6 $1 $15 35. c5 Ra6 $1 {[%cal Ra6a2]} 36. Rc2 $1 Ra4 37. Kd3 Ba5 (37... Ra3 $15) 38. Rb2 Ke6 39. Rf2 Bd8 40. Rf8 Be7 41. Rf2 h5 42. Rc2 Ra3 43. Kc3 Ra4 44. Kd3 Ra3 45. Kc3 1/2-1/2

[Event "4th Shamkir Chess 2017"]
[Site "Shamkir"]
[Date "2017.04.25"]
[Round "5"]
[White "Radjabov, Teimour"]
[Black "Adams, Michael"]
[Result "1/2-1/2"]
[WhiteElo "2710"]
[BlackElo "2761"]
[Annotator "TA"]
[PlyCount "63"]
[EventDate "2017.??.??"]
[EventType "tourn"]
[EventCountry "AZE"]
[SourceTitle "playchess.com"]
[Source "ChessBase"]
[SourceQuality "1"]

{[%evp 24,63,34,20,36,16,26,11,21,7,11,11,7,9,11,11,11,6,6,0,0,0,0,0,0,0,0,0,0,0,0,0,0,0,0,0,0,0,0,0,0,0]} 1. d4 Nf6 2. c4 e6 3. Nf3 d5 4. g3 Be7 5. Bg2 O-O 6. O-O dxc4 7. Ne5 Nc6 8. Bxc6 bxc6 9. Nxc6 Qe8 10. Nxe7+ Qxe7 11. Qc2 c5 12. Qxc4 cxd4 13. Qxd4 e5 {E05: Open Catalan: 5 Nf3 Be7} 14. Qh4 Qb7 15. Nc3 Be6 {The position is equal.} 16. Bg5 {[#]} (16. e4 $5 {seems wilder.} Rac8 17. Bg5 Nd7 18. Rab1 Nb6 19. Rfd1) 16... Nd5 $146 (16... Ng4 17. h3 Qxb2 18. Rfc1 h6 19. hxg4 hxg5 20. Qxg5 f6 21. Qe3 Bxg4 {0-1 (41) So,W (2770)-Kramnik,V (2812) Leuven 2016}) 17. Nxd5 Qxd5 18. b3 f6 19. Be3 Qb5 20. Rfe1 a5 21. f3 Rfc8 22. Kf2 a4 23. Qe4 axb3 24. axb3 Rxa1 25. Rxa1 Qxb3 26. Ra8 Rxa8 27. Qxa8+ Kf7 28. Qe4 Kg8 29. Qa8+ Kf7 30. Qe4 Kg8 31. Qa8+ Kf7 32. Qe4 1/2-1/2

[Event "4th Shamkir Chess 2017"]
[Site "Shamkir"]
[Date "2017.04.27"]
[Round "6"]
[White "So, Wesley"]
[Black "Karjakin, Sergey"]
[Result "1-0"]
[WhiteElo "2822"]
[BlackElo "2783"]
[Annotator "TA"]
[PlyCount "127"]
[EventDate "2017.??.??"]
[EventType "tourn"]
[EventCountry "AZE"]
[SourceTitle "playchess.com"]
[Source "ChessBase"]
[SourceQuality "1"]

{[%evp 17,127,15,13,1,5,11,18,18,17,16,11,14,19,7,22,0,0,0,10,0,6,0,22,22,22,23,20,9,16,21,12,14,8,6,18,13,13,8,20,20,20,19,18,18,31,11,43,35,50,42,46,47,108,110,110,117,127,144,127,102,198,190,198,157,158,179,207,136,237,258,207,227,564,522,664,631,576,522,417,107,95,100,444,295,968,871,29962,29962,29967,29970,29973,29974,29974,29975,29975,29976,29976,29977,29977,0,0,0,29977,29977,29978,29980,29980,29981,29981,29982,29982,29983]} 1. Nf3 Nf6 2. c4 c5 3. Nc3 Nc6 4. e3 e6 5. d4 d5 6. a3 a6 7. dxc5 Bxc5 8. b4 Ba7 9. Bb2 O-O {LiveBook: 305 Games} 10. h3 {D40: Queen's Gambit Declined: Semi-Tarrasch with 5 e3} (10. Qc2 Bd7 11. Rd1 Rc8 12. cxd5 exd5 13. Be2 d4 14. exd4 Bg4 15. d5 Ne7 16. Qb1 Bf5 17. Bd3 Bg4 18. Be2 {1-0 (74) So,W (2770)-Caruana,F (2804) Leuven 2016}) 10... h6 11. Rc1 Re8 $146 (11... d4 12. exd4 Bxd4 13. Bd3 e5 14. Nxd4 Nxd4 15. O-O Re8 16. Ne2 Nc6 17. Ng3 Be6 {1-0 (33) Martys,M (2239)-Zacharov,O (2208) LSS email 2008}) 12. Bd3 {The position is equal.} dxc4 13. Bxc4 Qxd1+ 14. Rxd1 b5 15. Bd3 Bb7 16. Ke2 Kf8 17. Rhg1 Rad8 18. Bb1 Ne7 19. Nd2 Bb6 20. g4 Ned5 21. Nxd5 Nxd5 22. Nb3 f6 23. Bg6 Re7 24. Rc1 Red7 25. Rgd1 (25. Nc5 Bxc5 26. bxc5 Ne7 $15) 25... Ne7 26. Rxd7 Rxd7 27. Bb1 Rc7 28. Rxc7 Bxc7 29. Nc5 Bc8 $1 (29... Bd5 $6 30. Bd3 $16 (30. Nxa6 Bc4+ 31. Bd3 Bxd3+ 32. Kxd3 Bd6 $16)) 30. Ba2 Nd5 31. f4 Bd6 32. Bd4 Kf7 33. Kd3 Ne7 34. Ne4 Bc7 (34... Bb8 $1 $14) 35. f5 $1 $16 Nc6 36. fxe6+ Bxe6 37. Bxe6+ Kxe6 {[%mdl 4096] Endgame KBN-KBN} 38. Nc5+ Ke7 (38... Kd5 $16 {might work better.}) 39. Nxa6 $18 Bd6 40. Bc5 Ne5+ 41. Ke4 Nc4 42. Kd5 {Strongly threatening a4!} Bxc5 43. Kxc5 ({Don't take} 43. bxc5 $6 Nxa3 44. Nb4 Nc4 $16) 43... Nxa3 $16 {KN-KN} 44. Nc7 Kd7 $2 (44... Nc2 {is tougher.} 45. Nxb5 Nxe3) 45. Nxb5 $18 Nc2 46. Nd4 $1 {[%cal Rd4c2]} Nxe3 47. Nf5 $1 {[%cal Rf5e3]} ({Not} 47. b5 g6 48. b6 Kc8 $16) 47... Nd1 48. Kb6 $2 (48. Nxg7 $18 {has better winning chances. Hoping for Nh5.} Nf2 49. Nh5) 48... g6 $16 49. Nxh6 {And now h4 would win.} Ne3 $2 {[%mdl 8192]} (49... Ke6 $16) 50. b5 {[%cal Bb4b5,Bb5b6,Bb6b7][%mdl 32]} f5 $2 (50... Nc4+ 51. Kc5 Nb2) 51. Ka6 $18 fxg4 52. hxg4 Nd5 53. b6 Kc6 54. b7 Nc7+ 55. Ka7 Nb5+ 56. Ka8 Nc7+ 57. Kb8 Nb5 58. Ka8 $2 (58. Nf7 {mates} g5 59. Nd8+ (59. Nxg5 Nd6 $11) 59... Kd7 60. Ka8 Nc7+ 61. Ka7 Kxd8 62. b8=Q+ Kd7 63. Qb7) 58... Nc7+ $11 59. Kb8 $2 {[%mdl 8192]} (59. Ka7 $11 Nb5+ 60. Ka8) 59... Nb5 $1 60. Nf7 {White mates.} Kb6 61. g5 Ka6 62. Nd8 Kb6 {[#]} 63. Kc8 $1 Nd6+ {[#]} 64. Kd7 $1 1-0

[Event "4th Shamkir Chess 2017"]
[Site "Shamkir"]
[Date "2017.04.27"]
[Round "6"]
[White "Kramnik, Vladimir"]
[Black "Mamedyarov, Shakhriyar"]
[Result "0-1"]
[WhiteElo "2811"]
[BlackElo "2772"]
[Annotator "TA"]
[PlyCount "138"]
[EventDate "2017.??.??"]
[EventType "tourn"]
[EventCountry "AZE"]
[SourceTitle "playchess.com"]
[Source "ChessBase"]
[SourceQuality "1"]

{[%evp 11,138,16,23,15,23,18,23,7,12,9,7,6,17,7,10,6,39,36,21,30,45,47,51,34,84,62,138,44,50,-19,0,-31,0,0,0,0,0,0,0,-7,-5,0,0,-6,-14,0,0,0,0,-41,-19,-58,-61,-70,-67,-55,-72,-94,-51,-66,-72,-80,-43,-43,-43,-43,-43,-43,-41,-43,-46,-118,-104,-160,-152,-156,-156,-172,-126,-130,-129,-142,-135,-127,-144,-160,-31,-75,-64,-56,-46,-46,-46,-46,-46,-46,-46,-85,-89,-180,-182,-279,-270,-312,-244,-234,-235,-478,-526,-527,-523,-523,-522,-520,-493,-474,-395,-955,-383,-420,-420,-406,-398,-709,-687,-622,-419,-714,-692]} 1. e4 e5 2. Nf3 Nc6 3. Bc4 Bc5 4. O-O Nf6 5. d3 a6 6. c3 d6 7. Re1 {C54: Giuoco Piano: 4 c3 Nf6, main lines with 5 d4 and 5 d3} (7. a4 Ba7 8. Na3 h6 9. Nc2 Qe7 10. Be3 Be6 11. Bxe6 Qxe6 12. Bxa7 Rxa7 13. d4 Ne7 14. Nd2 O-O {½-½ (38) So,W (2808)-Eljanov,P (2755) Wijk aan Zee 2017}) 7... Ba7 8. a4 h6 9. Be3 {White has an edge.} (9. b4 $5 {with more complications.} O-O 10. Nbd2 Ng4 11. Rf1 Ne7 12. h3) 9... Bxe3 10. Rxe3 O-O 11. Nbd2 Re8 $146 (11... Be6 12. Re1 Qd7 13. b4 Ne7 14. d4 Ng6 15. d5 {1-0 (90) Padmini,R (2387)-Tan,Z (2502) Teheran 2017}) 12. d4 exd4 13. cxd4 Bg4 14. Qb3 Qd7 15. Bd3 d5 {aiming for ...Bxf3.} 16. e5 (16. Qxb7 $2 Reb8 17. Bxa6 Bxf3 18. Nxf3 Rxb7 19. Bxb7 Rb8 20. Bxc6 Qxc6 $19) 16... Nh5 17. g3 (17. Qxb7 $2 Reb8 18. Qxa8 Rxa8 $19) 17... f5 {[%cal Bf7f5,Bf5f4][%mdl 32]} 18. Ree1 (18. Qxb7 $2 Reb8 19. Bxa6 Nb4 $19) 18... a5 (18... Nd8 $14) 19. Rac1 (19. Bb5 $1 $16) 19... Nb4 $14 20. Bf1 (20. Kg2 $14) 20... f4 $11 21. e6 Bxe6 ({Much worse is} 21... Rxe6 $6 22. Ne5 Rxe5 23. Rxe5 $16 (23. dxe5 Rf8 $14)) 22. Ne5 Qd6 23. Qf3 Nf6 24. Qxf4 c6 25. f3 Nd7 26. Nb3 Rf8 27. Qe3 (27. Qd2 $5 {feels hotter.} b6 28. f4 Bf5 29. Bg2 Nf6 30. Bf3) 27... Bf5 28. Qd2 Na2 29. Ra1 Nb4 $36 {[%mdl 2048] White is under pressure.} 30. Nxd7 Bxd7 (30... Qxd7 $5 {is more complex.} 31. Re5 b6 32. Rae1 Rae8 33. Nc1 Nc2) 31. Qc3 b6 32. Re5 Rae8 33. Rae1 Qg6 34. Nd2 Qc2 35. f4 Rxe5 36. dxe5 Be6 ({But not} 36... Qxa4 $6 37. e6 Bc8 38. Nf3 $14) (36... c5 $5 {is interesting.} 37. e6 Bxa4 38. e7 Re8 39. Bh3 Nc6) 37. Qxc2 Nxc2 38. Rc1 Nb4 39. Nf3 c5 {And now ...g5! would win.} 40. h4 Kf7 41. h5 (41. Be2 $15) 41... Bg4 $17 42. Nh4 ({White should try} 42. Nh2 Bxh5 43. g4) 42... Bxh5 43. Nf5 Bg4 44. Ne3 Bd7 45. Bg2 d4 46. Nc4 Bxa4 47. Nxb6 Bc2 $1 48. Nc4 d3 ({Black should play} 48... a4 $17 49. Na3 d3) 49. Nd2 a4 50. Kf2 c4 51. Ke3 Rc8 52. Ne4 {Strongly threatening Nd6+.} Kf8 53. Nc3 Rb8 54. Rf1 Na6 55. f5 (55. Bc6 $17) 55... Rxb2 {Threatens to win with ...Nb4.} 56. f6 {[#]} (56. Bd5 {might work better.}) 56... Nc7 $1 $19 57. Bh3 {[#]} d2 $1 58. Bg4 (58. Kxd2 Bf5+) 58... a3 {[%cal Ba4a3,Ba3a2][%mdl 32]} 59. e6 $2 (59. Ra1 a2 60. Nxa2 gxf6 61. Nc3) 59... gxf6 60. Rxf6+ {[#]} Kg8 $1 61. e7 {intending Rf8+.} a2 62. Ra6 {Now Ra7 and White clings on.} d1=Q 63. Nxd1 Bxd1 64. Ra8+ $2 (64. Bxd1 Kf7 65. Ra5) 64... Kg7 (64... Kf7 $142 65. e8=Q+ Nxe8 66. Bxd1 Nc7) 65. Bxd1 Rb1 ({Worse is} 65... Nxa8 66. e8=Q a1=Q 67. Qd7+ Kh8 68. Qd4+ Kg8 69. Qxc4+ Kg7 70. Qd4+ Kf8 71. Qd6+ Kg7 72. Qe7+ Kh8 73. Qe8+ Kh7 74. Qf7+ Kh8 75. Qf8+ Kh7 76. Qf7+ Kh8 77. Qf8+ Kh7 78. Qf7+ $11) 66. Rxa2 {Black must now prevent Ra7.} Rxd1 67. Ra7 $2 (67. Rc2) 67... Ne8 68. Ra4 Rd3+ 69. Kf4 (69. Ke2 $142) 69... c3 0-1

[Event "4th Shamkir Chess 2017"]
[Site "Shamkir"]
[Date "2017.04.27"]
[Round "6"]
[White "Adams, Michael"]
[Black "Harikrishna, Pentala"]
[Result "1/2-1/2"]
[WhiteElo "2761"]
[BlackElo "2755"]
[Annotator "TA"]
[PlyCount "74"]
[EventDate "2017.??.??"]
[EventType "tourn"]
[EventCountry "AZE"]
[SourceTitle "playchess.com"]
[Source "ChessBase"]
[SourceQuality "1"]

{[%evp 18,74,12,12,23,7,7,9,10,4,7,8,14,6,7,0,0,0,0,0,0,0,0,8,16,18,24,0,0,0,16,0,0,0,0,0,0,-4,0,0,0,0,0,0,0,0,0,0,0,0,0,0,0,0,0,0,0,0,0]} 1. e4 e5 2. Nf3 Nc6 3. Bb5 a6 4. Ba4 Nf6 5. O-O Be7 6. d3 b5 7. Bb3 d6 8. a3 O-O 9. Nc3 {[%cal Bb1c3,Bc3e2,Be2g3][%mdl 32]} Nb8 {[%cal Bc6b8,Bb8d7,Bd7c5][%mdl 32] C77: Ruy Lopez: 3...a6 4 Ba4 Nf6, unusual lines} (9... Na5 10. Ba2 Be6 11. b4 Bxa2 12. Rxa2 Nc6 13. Bg5 Nd7 14. Be3 Nf6 15. Bg5 Nd7 16. Be3 Nf6 17. Qb1 {½-½ (51) Vachier Lagrave,M (2796)-Mamedyarov,S (2766) Sharjah 2017}) 10. Re1 {LiveBook: 3 Games} Nbd7 11. Ne2 $146 (11. Bd2 Bb7 12. Ne2 h6 13. Ng3 Re8 14. Ba2 Bf8 15. b4 c5 16. c4 bxc4 17. dxc4 cxb4 18. axb4 {1-0 (36) Firman,N (2571)-Stern,R (2501) Germany 2009}) 11... Nc5 12. Ba2 Be6 13. Bxe6 Nxe6 14. Ng3 g6 15. c3 {[%cal Bc2c3,Bc3d4][%mdl 32]} c5 16. d4 exd4 17. cxd4 d5 18. e5 Ne4 19. Bh6 Re8 20. dxc5 Nxg3 21. hxg3 {aiming for b4.} Bxc5 22. Rc1 d4 {The position is equal.} 23. Ng5 Qd5 24. Ne4 {[#] Nf6+ is the strong threat.} Be7 25. Qf3 {And now Nf6+ would win.} Qxe5 26. Nc5 Qf6 {Strongly threatening ...Qxf3.} 27. Nxe6 Qxf3 28. gxf3 fxe6 29. Rxe6 Bf8 30. Rxe8 Rxe8 31. Bxf8 Kxf8 $11 {[%mdl 4096] Endgame KR-KR} 32. Kf1 d3 33. Rd1 Rd8 34. Ke1 Re8+ 35. Kf1 Rd8 36. Ke1 Re8+ 37. Kf1 $1 Rd8 1/2-1/2